000 00756nam a2200241Ia 4500
003 OSt
005 20220926012039.0
006 a|||||r|||| 00| 0
007 ta
008 220923b |||||||| |||| 00| 0 eng d
037 _cGeneral Book
040 _aRTL
_cRTL
_beng
041 _2eng
_aeng
082 _aV44Q7:194.247.N6, K5/Q7
100 _aDupree Louis
_9124781
245 0 _aFirst reflection the second Kashmir war
260 _aNew York
_bAUFS
_c1965
300 _a32p
_ccm.
490 _aSouth Asia Series. v. ix, No 5. American Universities Field Staff Reports Service
650 _aForeign Policy Pakistan
_9233299
942 _hV44Q7:194.247.N6, K5/Q7
_cGB
_2CC
999 _c621591
_d621591